Loading...
| Current Events | 2 | 20.00 | 100% | 100% | 0% |
| Fine Arts - Classical Music | 4 | 12.50 | 100% | 25% | 0% |
| Fine Arts - Other | 5 | 16.00 | 100% | 40% | 20% |
| Fine Arts - Painting and Sculpture | 3 | 13.33 | 67% | 33% | 33% |
| Geography | 3 | 10.00 | 100% | 0% | 0% |
| History - American | 5 | 18.00 | 100% | 80% | 0% |
| History - European | 5 | 20.00 | 100% | 60% | 40% |
| History - Other | 5 | 24.00 | 100% | 100% | 40% |
| History - World | 2 | 20.00 | 100% | 100% | 0% |
| Literature - American | 4 | 15.00 | 100% | 50% | 0% |
| Literature - British | 6 | 13.33 | 100% | 33% | 0% |
| Literature - European | 6 | 10.00 | 83% | 17% | 0% |
| Literature - World | 3 | 16.67 | 100% | 67% | 0% |
| Mythology | 2 | 15.00 | 100% | 50% | 0% |
| Philosophy | 3 | 6.67 | 67% | 0% | 0% |
| Popular Culture | 2 | 20.00 | 100% | 100% | 0% |
| Religion | 4 | 17.50 | 100% | 75% | 0% |
| Science - Biology | 7 | 14.29 | 86% | 43% | 14% |
| Science - Chemistry | 6 | 10.00 | 67% | 33% | 0% |
| Science - Other | 4 | 10.00 | 75% | 25% | 0% |
| Science - Physics | 5 | 10.00 | 100% | 0% | 0% |
| Social Science | 5 | 18.00 | 100% | 60% | 20% |